000 01264nam a2200301 a 4500
003 BLK
005 20240706115620.0
008 220509b bul|||||r ||||||| ||bul||
040 _aBLK
041 _aBUL
_cBUL
080 _aСъдържание, учебна програма, учебни предмети в предучилищното образование
_b373.2.016
_x(076)
_z373.2.016(076)
100 _9489182
_aАндреева, Ева
_eпърви автор
139 _bА 66
245 1 0 _aТуканът Чоки и звук [Ч]
_bПомагало за автоматизация : 5-7 години
_cЕва Андреева
257 _aBGR
260 _aСофия
_bЛогоМагика
_c2022
_9489181
_n978-954-792- ; 954-90825-
300 _a32 с. : с цв. ил.
_c29 см
380 _aDN
650 7 _9174964
_aУчебно-възпитателна работа - в детските градини
653 7 _9200646
_aчетене
653 7 _9199098
_aучебни помагала
653 7 _9194421
_aпредучилищна подготовка
942 _cKNG
_n0
_s1
_06
944 _cНора Радева
_k30549
_lВася Ганчева
999 _c495646
_d495646
999 _d495646
999 _d495645
999 _d454752